| 000 | 00854nam a22002651u 4500 | ||
|---|---|---|---|
| 001 | 06192 | ||
| 003 | HDC | ||
| 007 | cr bn --- | ||
| 008 | 210123p xx fo d 00 engg | ||
| 040 | _aHDC | ||
| 100 |
_aSalmah Yusof _96512 |
||
| 245 | 0 |
_aHALAL RESEARCH AND SCIENCE / _cby Salmah Yusof |
|
| 260 |
_a[No place] : _b[publisher not identified], _c2006 |
||
| 300 |
_a49 pages : _bIllustrations |
||
| 336 |
_atext _2rdacontent |
||
| 337 |
_acomputer _2rdamedia |
||
| 338 |
_aonline resource _2rdacarrier |
||
| 650 |
_aHalal food _950 |
||
| 650 |
_aHalal industry _9144 |
||
| 650 |
_aHalal research _96513 |
||
| 856 | _zRequest full-text at [email protected] | ||
| 942 | _2lcc | ||
| 942 | _cSLIDE | ||
| 942 | _kSLID 000710 | ||
| 999 |
_c3516 _d3516 |
||